00810nam a22002057i 4500003000900000008004100009020002200050040007100072082002500143100002800168245008400196260003900280300003200319500002100351505012700372650002600499650002300525700002900548700002700577AR-CdUCM250909b20202020 pe||||| |||| 00| 0 spa d a978-612-00-5747-6 aMUNICIPALIDAD PROVINCIAL DEL CUSCOcBIBLIOTECA MUNICIPAL DEL CUSCO a005.133 / A85RbA85R aAtauchi Rojas, P. Joser aDescubriendo la Programación en R - Con aplicaciones a la Bioestadística / aCusco :bEditorial Bolañosc2020 a235 páginas. :c20x16 cm. zPaginas: 231-235 aQue es R y RStudio? -- Conociendo RStudio 11 -- Conectando con GitHub 15 -- Interactuando con R19 -- Gestión de archivos aGestión de archivos aVisualizar objetos aValencia Toledo, Alfredo aOlarte Estrada Joel G.